| 000 | 00719cam a2200265 4500500 | ||
|---|---|---|---|
| 005 | 20260405001454.0 | ||
| 041 | _afre | ||
| 042 | _adc | ||
| 100 | 1 | 0 |
_aTseu, Lao _eauthor |
| 245 | 0 | 0 | _aAmira Yahyaoui. Insoumise |
| 260 | _c2013. | ||
| 500 | _a69 | ||
| 690 | _aAl-Bawsala | ||
| 690 | _aAmira Yahyaoui | ||
| 690 | _aCatherine Portevin | ||
| 690 | _aDémocratie | ||
| 690 | _aEnnahda | ||
| 690 | _aInternet | ||
| 690 | _aLa Boétie | ||
| 690 | _aLiberté | ||
| 690 | _aSalafisme | ||
| 690 | _aTunisie | ||
| 786 | 0 | _nPhilosophie magazine | 68 | 4 | 2013-04-01 | p. 13-13 | 1951-1787 | |
| 856 | 4 | 1 | _uhttps://shs.cairn.info/magazine-philosophie-magazine-2013-4-page-13?lang=fr&redirect-ssocas=7080 |
| 999 |
_c2048024 _d2048024 |
||